| 000 | 00641nam a2200181Ia 4500 | ||
|---|---|---|---|
| 003 | GCL | ||
| 008 | 140319s9999 xx 000 0 ara d | ||
| 020 | _a5224605977 | ||
| 040 |
_aGCL / _cGCL |
||
| 082 | 0 | 4 |
_a945.02 _bج م |
| 100 | 1 | _aجمعة الجندى | |
| 245 | 1 | 0 |
_aمملكة الصقليتين ( 484 - 586 هـ \ 1091 - 1194 م ) / _cجمعة الجندى |
| 260 |
_aالقاهرة : _bمكتبة الانجلوالمصرية ، _c2007 |
||
| 300 |
_a235 ص ؛ _c24 سم |
||
| 650 | 0 | 4 | _aايطاليا - تاريخ - عصر الاباطرة الرومان ( 692 - 1122 م ) |
| 650 | 0 | 4 | _aصقلية - تاريخ |
| 942 |
_2ddc _cBK |
||
| 999 |
_c9820 _d9820 |
||